000 00261nam a2200109Ia 4500
008 190914s9999||||xx |||||||||||||| ||und||
100 _aK Aswathappa
245 0 _aInternational Business
260 _aNew Delhi
_bPrentice Hall
_c2006
300 _a303
942 _cBK
999 _c9872
_d9872